Jubilant Jozef Budský

Bibliographic Details
Main Author: (mik) (Author)
Format: Article
Language:Slovak
Subjects:

MARC

LEADER 00000nab a2200000 ar4500
001 vtls009007905
003 SK-MaSNL
005 20260303065502.0
008 070718c19760611xo |r|p|||||||000 b|slo
015 |a SNBRB2007/07  |2 snkbucl 
038 |a SNKBUCL 
040 |a SNKBUCL  |b slo  |c SNKBUCL  |e AACR2 
041 |a slo 
044 |a xo  |c SK 
080 |a 792.071.2  |2 1997 
080 |a 791.44.071.2  |2 1997 
100 0 |a (mik)  |4 aut  |9 861248 
245 1 0 |a Jubilant Jozef Budský  |c [autor] (mik) 
600 1 7 |a Budský, Jozef,  |d 1911-1989  |2 snkbucl  |9 113868 
773 0 |t Lidová demokracie  |g (11.6.1976), s. 5 
852 |a SNK  |b KIS3GCP 
958 |a BX 
999 |c 1751361  |d 1753291